000 00660nam a2200205 i 4500
001 51543
003 ES-MaACL
005 20230906162402.0
007 t|
008 030813m19461947sp af |||| | spa d
100 1 _aDalmau, R.
_942518
245 1 0 _aHistoria del traje /
_cR. Dalmau, J.Mª Soler Janer ; dibujos de C. Mestres y J. Vilarrubias.
260 _aBarcelona :
_bDalmau,
_c1946-1947 (
_fVda. J. Ferrer Coll)
300 _a2 v., 11 lám. :
_bil. ;
_c28 cm.
650 4 _aTraje-
_xHistoria.
_9136943
700 1 _aSoler Janer, J. María.
_9107179
700 1 _aMestres, C. de.
_980709
700 1 _aVilarrubias, J.
_9114826
852 _aES-MaACL
_jA-8-9
999 _c51543
_d51543